LEADER 01200nam a2200289 i 4500 001 991000103659707536 008 090303s2007 it 001 0 ita d 020 $a8886928513 035 $ab13814758-39ule_inst 040 $aFacoltà SSPT$bita 082 0 $a355.02 100 1 $aQiao, Liang$d<1955- > $0629767 245 10$aGuerra senza limiti :$bl'arte della guerra asimmetrica fra terrorismo e globalizzazione /$cQiao Liang, Wang Xiangsui ; a cura del generale Fabio Mini 250 $a4. ed 260 $aGorizia :$bLEG,$c2007 300 $a229 p. ;$c21 cm 440 0$aLeguerre ;$v10 650 4$aGuerra$xStrategie$ySec. 20. 700 1 $aXiangsui, Wang $eauthor$4http://id.loc.gov/vocabulary/relators/aut$0729629 700 1 $aMini, Fabio 907 $a.b13814758$b02-04-14$c03-03-09 912 $a991000103659707536 945 $aLE021 355.02 QIA01.01$g1$i2020000011491$lle021$op$pE15.00$q-$rn$s- $t0$u0$v0$w0$x0$y.i14963322$z05-05-09 945 $aLE021 355.02 QIA01.01$g2$i2020000034469$lle021$op$pE15.00$q-$rn$s- $t0$u0$v0$w0$x0$y.i15334478$z18-10-11 996 $aGuerra senza limiti$91465100 997 $aUNISALENTO 998 $ale020$b - - $cm$da $e-$fita$git $h0$i0 LEADER 01069nam0 22002771i 450 001 UON00427656 005 20231205104853.868 100 $a20130625d1961 |0itac50 ba 101 $afre 102 $aFR 105 $a|||| 1|||| 200 1 $a18. siècle français$ele siècle des Lumières$fLouis Forestier 210 $aParis$cSeghers$d1961 215 $a239 p.$cill.$d17 cm. 410 1$1001UON00427657$12001 $aˆLes ‰lettres et les arts$1210 $aParis$cSeghers. 606 $aILLUMINISMO$xFrancia$xSec. 18.$3UONC065237$2FI 620 $aFR$dParis$3UONL002984 676 $a801.95$cCritica letteraria$v21 700 1$aFORESTIER$bLouis$3UONV144352$0390923 712 $aSeghers$3UONV248119$4650 801 $aIT$bSOL$c20240220$gRICA 899 $aSIBA - SISTEMA BIBLIOTECARIO DI ATENEO$2UONSI 912 $aUON00427656 950 $aSIBA - SISTEMA BIBLIOTECARIO DI ATENEO$dSI Francese IV C 054 $eSI SFR1013 5 054 $sBuono 996 $a18. siècle français$91337594 997 $aUNIOR